Best Actor Winners - Statistics

General Stats
  • This quiz has been taken 23 times
  • The average score is 8 of 15
Answer Stats
Hint Answer % Correct
Leonardo DiCaprio won his best actor oscar for which film? The Revenant
96%
Humphrey Bogart won his academy award for best actor for Casablanca? True or false? False
83%
How many academy awards for best actor has Robert De Niro won? One, once
78%
The actor who has won the most best actor oscars? Daniel-Day Lewis
74%
Forest Whitaker won the oscar for best actor by portraying which infamous Ugandan dictator? Idi Amin
65%
Marlon Brando won a best actor oscar for the godfather, what was the other movie he won a best actor oscar for? On the Waterfront
65%
For what movie did Al Pacino win his academy award for best actor? Scent of a Woman
57%
In what year were the academy award for best actor presented? 1929
52%
Who is the oldest recipient of the academy award for best actor? Anthony Hopkins
48%
Which film did Paul Newman win the best actor oscar award for? The Color of Money
48%
How many times did Jack Nicholson win the academy award for best actor? Twice, two times
48%
Who is the only posthumous winner of the academy award for best actor? Peter Finch
43%
Who is the actor to be nominated the most times for best actor but not win? Peter O'Toole
43%
Who is the youngest recipient of the academy award for best actor? Adrien Brody
30%
Name one of the two movies Tom Hanks won the oscar for best actor Philadelphia or Forrest Gump
0%
No matching quizzes found
Score Distribution
Percent of People with Each Score
Percentile by Number Answered
Your Score History
You have not taken this quiz